|
|
|
|
| LEADER |
01081nam a2200277 a 4500 |
| 001 |
14137460 |
| 008 |
110302r20092006enka b 001 0 eng d |
| 010 |
|
|
|a 2005029447
|
| 020 |
|
|
|a 0521861241
|
| 020 |
|
|
|a 0521675995 (pbk.)
|
| 020 |
|
|
|a 9780521861243
|
| 020 |
|
|
|a 9780521675994 (pbk.)
|
| 040 |
|
|
|a DLC
|c DLC
|d YDX
|d BAKER
|d DLC
|d BD-DhAAL
|
| 082 |
0 |
0 |
|a 511.3
|2 22
|
| 100 |
1 |
|
|a Velleman, Daniel J.
|
| 245 |
1 |
0 |
|a How to prove it :
|b a structured approach /
|c Daniel J. Velleman.
|
| 250 |
|
|
|a 2nd ed.
|
| 260 |
|
|
|a Cambridge ; New York :
|b Cambridge University Press,
|c 2006.[Reprinted 2009]
|
| 300 |
|
|
|a xiii, 384 p. :
|b ill. ;
|c 24 cm.
|
| 504 |
|
|
|a Includes bibliographical references (p. 375) and index.
|
| 541 |
1 |
|
|e 00022000
|
| 650 |
|
0 |
|a Logic, Symbolic and mathematical.
|
| 650 |
|
0 |
|a Mathematics.
|
| 852 |
4 |
|
|a Ayesha Abed Library
|j General shelf
|
| 999 |
|
|
|c 10494
|d 10494
|
| 952 |
|
|
|0 0
|1 2
|2 ddc
|4 0
|6 511_300000000000000_VEL
|7 0
|9 14517
|a BRACUL
|b BRACUL
|c GEN
|d 2011-03-02
|e Karim International
|g 2200.00
|l 3
|m 43
|o 511.3 VEL
|p 3010022000
|q 2017-03-27
|r 2012-02-28
|s 2012-02-28
|t 1
|w 2011-03-02
|y BK
|